000 00386nam a2200157Ia 4500
005 20240807062547.0
008 240806s9999||||xx |||||||||||||| ||eng||
041 _aeng
082 _a160
_bMALA
100 _aJagdish Narayan Mallick
245 0 _aAagman tarkshastra /
_cJagdish Narayan Mallick
260 _bBharati Bhawan Patna
300 _a0
650 _aPhilosophy
942 _cBK
999 _c22601
_d22601